| 000 | 00518nam a2200181Ia 4500 | ||
|---|---|---|---|
| 001 | 7395 | ||
| 005 | 20260306160452.0 | ||
| 008 | 260306t2009||||xx |||||||||||||| ||spa|| | ||
| 041 | _aESP | ||
| 082 |
_a338.9 _bP87B |
||
| 100 |
_aPrograma de las Naciones Unidas para el Desarrollo _eAUT |
||
| 245 | 0 |
_aInforme sobre el desarrollo humano 2009: _bsuperando barreras: movilidad y desarrollo humanos |
|
| 260 | _c2009 | ||
| 300 |
_a232 páginas : _c28 cm. |
||
| 650 | _aGEN | ||
| 654 | _aCAN | ||
| 942 |
_cLIB _dJUS _fJUS _2ddc _n |
||
| 999 |
_c7395 _d7395 |
||